Quiz da Gâmbia - Statistics

Estatísticas Gerais
  • Esse quiz foi jogado 493 vezes
  • A pontuação média é 8 de 14
Estatísticas das Respostas
Dica Resposta % Correto
País que colonizou a Gâmbia Reino Unido
89%
Único país fronteiriço Senegal
87%
Língua oficial Inglês
86%
95% da população da Gâmbia fazem parte desta religião Islã
82%
O rio acima começa neste país Guiné
65%
A Gâmbia é o menor país na África continental, este país é o segundo menor Essuatíni
63%
Grande império onde a Gâmbia fazia parte 1230-1670 Império do {Mali}
63%
Capital Banjul
58%
A Gâmbia foi feita nas margens deste rio Rio Gâmbia
56%
Mamífero africano que é o animal nacional do país {Hiena}-malhada
29%
Os três grupos étnicos dominantes da Gâmbia Fula
22%
Moeda oficial Dalasi
20%
Os três grupos étnicos dominantes da Gâmbia Mandinga
16%
Os três grupos étnicos dominantes da Gâmbia Uolofe
14%
Nenhum quiz correspondente encontrado
Distribuição das Pontuações
Porcentagem de Pessoas com Cada Pontuação
Percentil de Números Respondidos
Sua Pontuação Histórica
Você não jogou esse quiz